Fr. Conceicao Rodrigues College of Engineering

Weilding of HSLA (microalloyed Structural Sheets) (Record no. 22085)

MARC details
000 -LEADER
fixed length control field 00317nam a2200133Ia 4500
082 ## - DEWEY DECIMAL CLASSIFICATION NUMBER
Classification number 672.52
100 ## - MAIN ENTRY--PERSONAL NAME
Personal name American Society for Matals
245 ## - TITLE STATEMENT
Title Weilding of HSLA (microalloyed Structural Sheets)
260 ## - PUBLICATION, DISTRIBUTION, ETC.
Name of publisher, distributor, etc. ASM
Place of publication, distribution, etc. Ohio
Date of publication, distribution, etc. 1978
300 ## - PHYSICAL DESCRIPTION
Extent 795
546 ## - LANGUAGE NOTE
Language note ENGLISH
654 ## - SUBJECT ADDED ENTRY--FACETED TOPICAL TERMS
Focus term Weilding Of HSLA
942 ## - ADDED ENTRY ELEMENTS (KOHA)
Koha item type Reference Book
Holdings
Withdrawn status Lost status Damaged status Not for loan Collection Home library Current library Shelving location Date acquired Source of acquisition Cost, normal purchase price Inventory number Total Checkouts Full call number Barcode Date last seen Cost, replacement price Price effective from Koha item type
        AFT Fr. Agnel's C.Rodrigues College of Engineering Fr. Agnel's C.Rodrigues College of Engineering   17/03/2023 BBB 441.00 43   672.52 AFT3655 17/03/2023 441.00 17/03/2023 Reference Book